000 00762cam8a220025300 4500
001 lce00040033
008 750724s1975 enkb 001 0 eng
010 _a 75319534 //r84
015 _aGB***
020 _cL.6.00
035 _a(Sirsi) r103105
035 _a(DLC) 75319534 //r84
035 _a(UPRA)lce00040033
043 _ae-cs---
050 0 _aDB 2062 Her 1975
_b.H47
082 _a943.7
100 1 _aHermann, A. H.
_6A60641.1
245 1 2 _aA history of the Czechs /
_cA. H. Hermann.
260 _aLondon :
_bA. Lane,
_c1975.
500 _aIncludes index.
651 0 _aCzechoslovakia -- History.
_xCzechoslovakia -- History.
_6S29983.1
949 _aDB 2062 Her 1975
_wlcc
_c 1
_i33729000068176
_mMAIN
_p2500
_tBOOK
_lON-SHELF
004 103105
999 _c159538
_d159538